00873cam a22002654a 45000010009000000050017000090080041000260100017000670200043000840200040001270350020001670400023001870410008002100420008002180800015002260820019002411000006002601010008002662450094002745040051003689060045004199420012004649990017004769520114004931475097520180220093818.0070221s2007 caua b 001 0 eng  a 2007007594 a9781597561112 (hardcover : alk. paper) a1597561118 (hardcover : alk. paper) a(DNLM)101299829 aDNLM/DLCcDLCdDLC aeng apcc a616.83 BAY00a616.83 BAY2221 a3 aSHM10aCognitive-communication disorders of dementia /cKathryn A. Bayles and Cheryl K. Tomoeda. aIncludes bibliographical references and index. a7bcbccorignewd1eecipf20gy-gencatlg 2ddccBK c42960d42960 00102udc40708PËKGa002b002cPËKGd2018-02-20l0o616.83 BAYp002-2999450r2018-02-20w2018-02-20yBK